000
00275nam a22001217a 4500
008
170424b xxu||||| |||| 00| 0 eng d
041
_a
eng
080
_2
2ND
_a
54
100
_a
12
101
_a
SHM
245
_a
PRINCIPLES OF OF PHYSICAL CHEMISTRY
_c
MACKAY
942
_2
udc
_c
BK
999
_c
11651
_d
11651